|
|
|
|
| LEADER |
00956nam a22002297a 4500 |
| 001 |
AAL6855 |
| 003 |
BD-DhAAL |
| 005 |
20160301120525.0 |
| 008 |
160301s 2002bg a|||| |||| 00| 0 ben d |
| 020 |
|
|
|a 9847761108
|
| 040 |
|
|
|a BD-DhAAL
|c BD-DhAAL
|
| 082 |
|
|
|a 401/.9
|
| 100 |
|
|
|a হাসান, খন্দকার মাহমুদুল
|9 18265
|
| 245 |
|
|
|a ভাষা ও বর্ণমালার ইতিহাস /
|c খন্দকার মাহমুদুল হাসান
|
| 260 |
|
|
|a ঢাকা :
|b ঐতিহ্য,
|c ২০০২
|
| 300 |
|
|
|a ১১৮ পৃ. :
|b চিত্র ;
|c ২২ সে.মি.
|
| 541 |
|
|
|e 6855
|
| 650 |
|
|
|a Language and languages--Origin.
|9 18266
|
| 852 |
|
|
|a Savar Campus Library
|c General Stacks
|
| 942 |
|
|
|2 ddc
|c BK
|
| 999 |
|
|
|c 36970
|d 36970
|
| 952 |
|
|
|0 0
|1 0
|2 ddc
|4 0
|6 401_000000000000000__9_HAS
|7 0
|9 58225
|a SCL
|b SCL
|c GEN
|d 2016-03-01
|g 110.00
|l 0
|o 401.9 HAS
|p 3020006855
|r 2016-03-01
|t 1
|w 2016-03-01
|y BK
|